Advanced engineering mathematics (Record no. 2354)

000 -LEADER
fixed length control field 00457nam a22001937a 4500
001 - CONTROL NUMBER
control field 2354
003 - CONTROL NUMBER IDENTIFIER
control field BD-DhUET
008 - FIXED-LENGTH DATA ELEMENTS--GENERAL INFORMATION
fixed length control field 140922b xxu||||| |||| 00| 0 eng d
020 ## - INTERNATIONAL STANDARD BOOK NUMBER
International Standard Book Number 8121903459
040 ## - CATALOGING SOURCE
Transcribing agency 0
Modifying agency BD-DhUET
082 ## - DEWEY DECIMAL CLASSIFICATION NUMBER
Classification number 510
Item number DAS/2007
100 ## - MAIN ENTRY--PERSONAL NAME
Personal name Dass, H.K.
245 ## - TITLE STATEMENT
Title Advanced engineering mathematics
250 ## - EDITION STATEMENT
Edition statement 17th Rev. ed.
260 ## - PUBLICATION, DISTRIBUTION, ETC. (IMPRINT)
Place of publication, distribution, etc. Ram Nagar
Name of publisher, distributor, etc. S. Chand.
Date of publication, distribution, etc. 2007
300 ## - PHYSICAL DESCRIPTION
Extent xvi,1274p.
650 #0 - SUBJECT ADDED ENTRY--TOPICAL TERM
Topical term or geographic name as entry element Mathematics
942 ## - ADDED ENTRY ELEMENTS (KOHA)
Koha item type General Book
Holdings
Not for loan Copy number Sublocation or collection (holding branch) Koha item type Date acquired Koha date last seen Lost status Source of classification or shelving scheme Location (home branch) Shelving location Koha full call number Koha issues (times borrowed) Koha normalized classification for sorting Price effective from Withdrawn status Koha out on loan Koha date last borrowed Damaged status Piece designation (barcode)
 1Central Library, BUETGeneral Book2014-09-222023-05-06  Central Library, BUETCirculation section510/DAS/20073510DAS20072014-09-22  2022-11-23 103924
 2Central Library, BUETGeneral Book2014-09-222026-01-13  Central Library, BUETCirculation section510/DAS/20076510DAS20072014-09-22 2026-01-272026-01-13 103925
 3Central Library, BUETGeneral Book2014-09-222025-02-10  Central Library, BUETCirculation section510/DAS/20074510DAS20072014-09-22  2024-12-01 103927
 4Central Library, BUETGeneral Book2014-09-222023-06-05  Central Library, BUETCirculation section510/DAS/20073510DAS20072014-09-22  2023-03-22 103928
 5Central Library, BUETGeneral Book2014-09-222016-02-24  Central Library, BUETCirculation section510/DAS/20071510DAS20072014-09-22  2014-11-12 103929
 7Central Library, BUETGeneral Book2014-09-222023-02-28  Central Library, BUETCirculation section510/DAS/20072510DAS20072014-09-22  2023-01-11 103931
 6Central Library, BUETGeneral Book2014-09-222026-05-09  Central Library, BUETCirculation section510/DAS/20073510DAS20072014-09-22  2026-04-15 103930
 8Central Library, BUETGeneral Book2015-01-262019-03-31  Central Library, BUETCirculation section510/DAS/20072510_000000000000000_DAS_20072015-01-26  2019-01-20 103922
 9Central Library, BUETGeneral Book2015-09-012025-04-07  Central Library, BUETCirculation section510DAS/20072510DAS_2007_0000000000000002015-09-01  2025-03-02 103923
 10Central Library, BUETGeneral Book2007-05-282024-11-24  Central Library, BUETCirculation section510/DAS/200711510_000000000000000_DAS_20072017-05-29 2024-12-082024-11-24 103926